Responses for show #5265 - Friday, June 29, 2007

Cathy Lanctot game 4.

Contestants

Roy Arias, a building inspector from Rancho Cucamonga, California

Colleen Shaddox, a writer from Hamden, Connecticut

Cathy Lanctot, a law professor from Wilmington, Delaware (whose 3-day cash winnings total $79,702)

Jeopardy! Round responses

I'M INTO WORLD "P"s
THE FEMALE EQUIVALENT
(Alex: And the correct responses will be real sports teams.)
MASTERPIECE THEATRE
COOKIN' UP CATFISH
TALL STRUCTURES
"TU" MUCH
    $200 11
Pompeii

Colleen
    $200 6
(Alex: The female equivalent is [*]. Real sports teams.)

the Minutewomen

Triple Stumper
    $200 1
Mona Lisa

Cathy
    $200 24
(Alex: [*] oil, yes.)

peanut

Colleen
    $200 18
Chicago

Cathy
    $200 16
tuberculosis

Cathy
    $400 12
Portugal

Roy
    $400 7
the Cowgirls

Colleen
    $400 2
Botticelli

Colleen
    $400 25
beer (batter)

Cathy
    $400 21
Taiwan

Cathy
    $400 17
tuna

Roy
    $600 13
Paraguay

Cathy
    $600 8
the Peahens

Roy
    $600 3
Van Gogh

Cathy
    $600 28
Worcesterchire

Colleen
    $600 23
(Donald) Trump

Colleen
    $600 19
turtle doves

Cathy
    $800 14
Pretoria

Cathy
    $800 9
the LumberJills

Roy
    $800 4
Toulouse-Lautrec

Cathy
    $800 29
bottom feeders

Colleen
    $800 26
The Transamerica building

Cathy
    $800 20
a turban

Roy
    $1000 15
Perth

Cathy
    $1000 10
the Jennies

Cathy
    $1000 5
(Georges) Seurat

Colleen
    $1000 30
blackened

Cathy
    $1,200 27
(Alex: It makes sense, and you are right, of course.)

the Gateway Arch

Cathy
    $1000 22
Tunisia

Roy

Scores at the first commercial break (after clue 15):

Cathy Colleen Roy
$5,000 $2,000 $1,800

Scores at the end of the Jeopardy! Round:

Cathy Colleen Roy
$9,800 $4,200 $4,000

Double Jeopardy! Round responses

RAGE AGAINST THE MACHINE
JOHN LEGEND
MAROON 5
"U"2
(Alex: Notice the "U" in quotation marks. There will be two U's in each correct response.)
NERVE-ANA
GRAMMY WINNERS
(Alex: The common thread.)
    $400 1
Tokyo

Roy
    $400 11
(John) Harvard

Colleen
    $400 16
Lord of the Flies

Colleen
    $400 21
(Colleen: What is air?)
(Roy: What is Thinsulate?)
...
(Alex: No. They use [*]. Remember "U"2. There will be 2 U's in each correct response.)

a vacuum

ColleenRoy
Triple Stumper
    $400 26
the optic nerves

Roy
    $400 6
Unplugged

Cathy
    $800 2
Hummers

Roy
    $800 12
John Deere

Roy
    $5,000 17
(Colleen: Who... is... Tristram Shandy?)

Robinson Crusoe

Colleen
    $800 22
murderous

Cathy
    $800 27
the funny bone

Cathy
    $800 7
Norah Jones

Roy
    $1200 3
the Unabomber

Roy
    $3,200 13
(Roy: Who is John Adams?)
(Alex: No, who is [*]? [*]. Remember, Harrison died, was the first to die in office.)

John Tyler

Roy
    $1200 18
The Tempest

Cathy
    $1200 23
usury

Colleen
    $1200 28
(Alex: The nerve [*] in a giraffe. Nine feet. Whew!)

cell

Triple Stumper
    $1200 8
an Atomic Bomb

Cathy
    $1600 4
Berrigan

Roy
    $1600 14
(Roy: Who is Caldecott?)

(John) Newbery

CathyRoy
    $1600 19
The Little Prince

Cathy
    $1600 24
a mausoleum

Roy
    $1600 29
the olfactory nerve

Roy
    $1600 9
Shakira

Roy
    $2000 5
Luddites

Cathy
    $2000 15
John Singer Sargent

Roy
    $2000 20
Island of the Blue Dolphins

Triple Stumper
    $2000 25
a uvula

Roy
    $2000 30
sciatica

Colleen
    $2000 10
Guerrilla

Colleen

Scores at the end of the Double Jeopardy! Round:

Cathy Colleen Roy
$19,400 $4,800 $13,600

[wagering suggestions for these scores]

Final Jeopardy! Round responses

THE CARIBBEAN
(Alex: You had to think of "volcanic island". "Saw-toothed mountain"--[*].)
ColleenWHAT IS HAITI?
$0
RoyWhat is Cuba?
$3,999
CathyWhat is Hispaniola?
$7,801
Montserrat

Final scores:

Cathy Colleen Roy
$11,599 $4,800 $9,601
4-day champion: $91,301 3rd place: $1,000 2nd place: $2,000

Game dynamics:

Coryat scores:

Cathy Colleen Roy
$19,200 $9,800 $16,800
23 R
(including 1 DD),
0 W
13 R,
2 W
(including 1 DD)
18 R,
3 W
(including 1 DD)

Combined Coryat: $45,800

The J! Archive is created by fans, for fans. The Jeopardy! game show and all elements thereof, including but not limited to copyright and trademark thereto, are the property of Jeopardy Productions, Inc. and are protected under law. This website is not affiliated with, sponsored by, or operated by Jeopardy Productions, Inc.